| 000 | 02191cam a22005654i 4500 | ||
|---|---|---|---|
| 003 | PE-LiUPU | ||
| 005 | 20250731184540.0 | ||
| 008 | 190320s1997 ilu rb 001 0 eng d | ||
| 020 | _a0226155560 | ||
| 020 | _a9780226155562 | ||
| 035 | _a(Sirsi) i9780226155562 | ||
| 035 | _a(OCoLC)863504108 | ||
| 040 |
_aPE-LiUPU _bspa _cPE-LiUPU _erda |
||
| 041 | 1 |
_aeng _hita |
|
| 049 | _aPRUA | ||
| 082 | 0 | 4 |
_a932.01 _bU64 _221 |
| 130 | 0 |
_aUomo egiziano. _lEnglish. |
|
| 245 | 1 | 4 |
_aThe Egyptians / _cedited by Sergio Donadoni ; translated by Robert Bianchi [y otros tres]. |
| 264 | 1 |
_aChicago, Ill. : _bUniversity of Chicago Press, _c1997. |
|
| 300 |
_axvi, 361 páginas ; _c24 centímetros |
||
| 336 |
_atext _2rdacontent |
||
| 337 |
_aunmediated _2rdamedia |
||
| 338 |
_avolume _2rdacarrier |
||
| 504 | _aBibliografía al final de cada capítulo. | ||
| 504 | _aÍndice: páginas 347-361. | ||
| 505 | 0 | _aPeasants / Ricardo A. Caminos -- Craftsmen / Dominique Valbelle -- Scribes / Alessandro Roccati -- Bureaucrats / Oleg Berlev -- Priests / Sergio Pernigotti -- Soldiers / Sheikh 'Ibada al-Nubi -- Slaves / Antonio Loprieno -- Foreigners / Edda Bresciani -- The Dead / Sergio Donadoni -- The Pharaoh / Erik Hornung -- Women / Erika Feucht. | |
| 526 | _aP136 | ||
| 526 | _aP135 | ||
| 526 | _aP134 | ||
| 526 | _aP133 | ||
| 526 | _aP144 | ||
| 526 | _aP143 | ||
| 526 | _aP87 | ||
| 526 | _aP35 | ||
| 526 | _aP20 | ||
| 526 | _aP14 | ||
| 526 | _aP10 | ||
| 526 | _aP06 | ||
| 534 | _pTítulo original :tL'Umo egiziano. | ||
| 651 | 0 |
_aEgypto _xCivilización _ya 332 B.C. |
|
| 651 | 0 | 4 | _aEgypto. |
| 700 | 1 |
_aDonadoni, Sergio, _eeditor. |
|
| 910 |
_adbm _bjpc _cjpc _d20190320 |
||
| 942 |
_2ddc _cBOOK |
||
| 949 |
_a932.01 U64 _wDEWEY _c1 _i79926 _lCATALOGING _mBUL _p31.00 _r0 _sY _tBOOK _u2019-03-20 _xTEOLOGIA _zP35 _0COMPRA _o.STAFF. Colección Teología |
||
| 994 |
_aC0 _bPEPRU |
||
| 596 | _a1 | ||
| 999 |
_a932.01 U64 _wDEWEY _c31274 _i79926 _f2021-11-11 _g3 _lCCODEBUL1 _mBUL _p31.00 _r0 _sY _tBOOK _u2019-3-20 _xTEOLOGIA _PP35 _0COMPRA _o.STAFF. Colección Teología _d31274 |
||
| 980 |
_81 _gALBERTO SANCHEZ Responsable de Automatización |
||